[Event "Hessen-chB"]
[Site "Korbach"]
[Date "2013.03.29"]
[Round "5"]
[White "Unruh, Hartmut"]
[Black "Huelsmann, Florian"]
[Result "1/2-1/2"]
[WhiteElo "1670"]
[BlackElo "944"]
[PlyCount "47"]
[EventDate "2013.03.27"]
[EventType "swiss"]
[EventRounds "7"]
[EventCountry "GER"]
[SourceTitle "EXT 2014"]
[Source "ChessBase"]
[SourceDate "2013.11.20"]
[SourceVersion "1"]
[SourceVersionDate "2013.11.20"]
[SourceQuality "1"]

1. d4 d5 2. Bf4 Bf5 3. c3 e6 4. Nf3 Bd6 5. Bg5 Nf6 6. Qb3 b6 7. e3 0-0 8. Ne5 h6 9. Bh4 Be7 10. Bb5 Nfd7 11. Nc6 Nxc6 12. Bxc6 Rb8 13. Bxe7 Qxe7 14. Qa4 e5 15. Bxd5 Nf6 16. Bf3 Be4 17. Nd2 Bxf3 18. gxf3 e4 19. Qxa7 exf3 20. Rg1 Qd7 21. Rg3 Ng4 22. Nxf3 Qc8 23. Qxb8 Qxb8 24. Rxg4 1/2-1/2

[Event "Hessen-chB"]
[Site "Korbach"]
[Date "2013.03.28"]
[Round "2"]
[White "Huelsmann, Florian"]
[Black "Krug, Franz Dieter"]
[Result "1-0"]
[WhiteElo "944"]
[BlackElo "1571"]
[PlyCount "69"]
[EventDate "2013.03.27"]
[EventType "swiss"]
[EventRounds "7"]
[EventCountry "GER"]
[SourceTitle "EXT 2014"]
[Source "ChessBase"]
[SourceDate "2013.11.20"]
[SourceVersion "1"]
[SourceVersionDate "2013.11.20"]
[SourceQuality "1"]

1. e4 e5 2. Nf3 Nc6 3. Bc4 h6 4. d4 exd4 5. Nxd4 Ne5 6. Nd2 Nxc4 7. Nxc4 d6 8. 0-0 Be7 9. e5 d5 10. Nd2 c5 11. Nb5 a6 12. Nc3 d4 13. Nce4 Qd5 14. f4 Bf5 15. Re1 0-0-0 16. g4 Bd7 17. f5 Bh4 18. Nd6+ Kb8 19. Re2 Bc6 20. N6e4 d3 21. cxd3 Qxd3 22. Nd6 Qf3 23. Nxf3 Bxf3 24. Qb3 Rxd6 25. exd6 Bxe2 26. Qxf7 Bf6 27. Qe8+ Ka7 28. Qxe2 Bd4+ 29. Be3 Bxe3+ 30. Qxe3 Nf6 31. Qxc5+ Ka8 32. Qd4 Rd8 33. Qb6 Rd7 34. Rc1 Kb8 35. Rc7 1-0

[Event "Hessen-chB"]
[Site "Korbach"]
[Date "2013.03.28"]
[Round "3"]
[White "Huelsmann, Florian"]
[Black "Martens, Nick"]
[Result "0-1"]
[WhiteElo "944"]
[BlackElo "1747"]
[PlyCount "80"]
[EventDate "2013.03.27"]
[EventType "swiss"]
[EventRounds "7"]
[EventCountry "GER"]
[SourceTitle "EXT 2014"]
[Source "ChessBase"]
[SourceDate "2013.11.20"]
[SourceVersion "1"]
[SourceVersionDate "2013.11.20"]
[SourceQuality "1"]

1. e4 d5 2. e5 Nc6 3. Nf3 Bg4 4. d4 e6 5. Be3 Nge7 6. h3 Bh5 7. Be2 Nf5 8. Qd2 Nxe3 9. Qxe3 Nb4 10. Na3 Bg6 11. Bb5+ c6 12. Ba4 a5 13. c3 Na6 14. 0-0 Be7 15. Bc2 Bh5 16. Qd3 b5 17. Nb1 Bg6 18. Qd2 Bh5 19. a4 b4 20. cxb4 Nxb4 21. Qc3 Bxf3 22. gxf3 Rc8 23. f4 c5 24. Nd2 cxd4 25. Qxd4 Nxc2 26. Qd3 Nxa1 27. Rxa1 0-0 28. f5 Qb6 29. fxe6 fxe6 30. Kh1 Rxf2 31. Rg1 Qxb2 32. Qg3 Rf7 33. Nf3 Rc1 34. Ne1 Qe2 35. Nf3 Rxg1+ 36. Nxg1 Qe4+ 37. Kh2 Qc2+ 38. Kh1 Rf1 39. Qg4 Qf5 40. Qe2 Bc5 0-1